000 00636nam a22002177a 4500
003 BUBTL
008 200616b xxu||||| |||| 00| 0 eng d
020 _a0-256-21442-5
082 _a658.802/L5283a/1997
100 _aLehmann, Donald
_91511
245 _aAnalysis for Marketing Planning
_bDonald R. Lehmann, Russell s. Winer
250 _a4th
260 _aLondon
_bIrwin
_cc1997
300 _a[xi] , 211p . :
_bill . ; 23cm.
500 _aIncludes Index
650 _aMerketing
_93183
700 _aDonald R. Lehmann, Russell s. Winer
_93184
856 _k0
_l0
_yDownload
942 _2ddc
_cBK
999 _c6303
_d6303